[Event "Titled Tuesday intern op 14th Jan Early"]
[Site "Chess.com INT"]
[Date "2025.01.14"]
[Round "3"]
[White "Campos Gomez, Manuel"]
[Black "Miljkovic, Miroslav D"]
[Result "0-1"]
[WhiteElo "2323"]
[BlackElo "2419"]
[PlyCount "46"]
[EventDate "2025.01.14"]
[EventType "swiss (blitz)"]
[EventRounds "11"]
[EventCountry "USA"]
[SourceTitle "CB04_2025"]
[SourceDate "2025.01.22"]
[SourceVersion "1"]
[SourceVersionDate "2025.01.22"]
[SourceQuality "1"]

1. Nf3 d5 2. c4 c6 3. g3 Nf6 4. Bg2 Bf5 5. d3 dxc4 6. dxc4 Qxd1+ 7. Kxd1 Nbd7 8. Nc3 0-0-0 9. Be3 Ne5+ 10. Kc1 Nxc4 11. Bxa7 e6 12. a4 Bb4 13. Nd4 Bg6 14. Nc2 Na5 15. Ra3 Bxa3 16. bxa3 Nc4 17. Bd4 Bxc2 18. Bxf6 gxf6 19. Kxc2 Rd2+ 20. Kb3 Na5+ 21. Kb4 b6 22. Ne4 Rxe2 23. Bf3 Rb2+ 0-1

[Event "Titled Tuesday intern op 14th Jan Early"]
[Site "Chess.com INT"]
[Date "2025.01.14"]
[Round "4"]
[White "Keller, Peter1"]
[Black "Miljkovic, Miroslav D"]
[Result "0-1"]
[WhiteElo "2308"]
[BlackElo "2419"]
[PlyCount "48"]
[EventDate "2025.01.14"]
[EventType "swiss (blitz)"]
[EventRounds "11"]
[EventCountry "USA"]
[SourceTitle "CB04_2025"]
[SourceDate "2025.01.22"]
[SourceVersion "1"]
[SourceVersionDate "2025.01.22"]
[SourceQuality "1"]

1. e4 c5 2. Nf3 Nc6 3. Bb5 g6 4. Bxc6 dxc6 5. d3 Bg7 6. 0-0 b6 7. Nc3 Nf6 8. Be3 Nd7 9. Qd2 e5 10. a4 0-0 11. Bh6 Re8 12. a5 Ba6 13. Bxg7 Kxg7 14. Ne1 c4 15. f4 cxd3 16. Nxd3 Nc5 17. Rf3 Bxd3 18. cxd3 Nb3 19. Qd1 Nxa1 20. Qxa1 Qd4+ 21. Kh1 exf4 22. Qf1 Re6 23. Rxf4 Rf6 24. Ne2 Rxf4 0-1

[Event "Titled Tuesday intern op 26th Nov Late"]
[Site "Chess.com INT"]
[Date "2024.11.26"]
[Round "7"]
[White "Clawitter, Craig"]
[Black "Miljkovic, Miroslav D"]
[Result "0-1"]
[WhiteElo "2050"]
[BlackElo "2422"]
[PlyCount "84"]
[EventDate "2024.11.26"]
[EventType "swiss (blitz)"]
[EventRounds "11"]
[EventCountry "USA"]
[SourceTitle "CB49_2024"]
[SourceDate "2024.12.04"]
[SourceVersion "1"]
[SourceVersionDate "2024.12.04"]
[SourceQuality "1"]

1. e4 e5 2. Nf3 Nc6 3. Bb5 a6 4. Ba4 d6 5. c3 Bd7 6. 0-0 Nf6 7. Re1 g6 8. d4 Bg7 9. d5 Nb8 10. c4 0-0 11. Bxd7 Nbxd7 12. Nc3 a5 13. Rb1 Nc5 14. b3 Nfd7 15. a3 Nb6 16. b4 axb4 17. axb4 Nca4 18. Nxa4 Nxa4 19. Qc2 Qd7 20. Bd2 h6 21. Ra1 f5 22. Nh4 Kh7 23. b5 Nb6 24. Be3 f4 25. Bxb6 cxb6 26. Qe2 Bf6 27. Nf3 Qc7 28. Nd2 Qc5 29. Kf1 h5 30. f3 Bh4 31. Rec1 Ra3 32. Rxa3 Qxa3 33. Qd1 Ra8 34. Kg1 Qe3+ 35. Kh1 Ra3 36. Nf1 Qf2 37. Rc2 Qc5 38. Rc1 Ra2 39. Rc2 Ra3 40. Qc1 Rd3 41. Rc3 Rd4 42. Nd2 Qb4 0-1

[Event "Titled Tuesday intern op 26th Nov Late"]
[Site "Chess.com INT"]
[Date "2024.11.26"]
[Round "8"]
[White "Miljkovic, Miroslav D"]
[Black "Pakleza, Zbigniew"]
[Result "1-0"]
[WhiteElo "2422"]
[BlackElo "2483"]
[PlyCount "125"]
[EventDate "2024.11.26"]
[EventType "swiss (blitz)"]
[EventRounds "11"]
[EventCountry "USA"]
[SourceTitle "CB49_2024"]
[SourceDate "2024.12.04"]
[SourceVersion "1"]
[SourceVersionDate "2024.12.04"]
[SourceQuality "1"]

1. d4 d6 2. c4 e5 3. Nf3 exd4 4. Nxd4 g6 5. g3 Bg7 6. Bg2 Ne7 7. 0-0 0-0 8. Nc3 Nd7 9. h3 Nb6 10. Qd3 c5 11. Nc2 Be6 12. Ne3 Qd7 13. Kh2 Rad8 14. Ned5 Nbc8 15. Bg5 f6 16. Bf4 Nc6 17. Rad1 g5 18. Bc1 Ne5 19. Qc2 Nxc4 20. Ne4 b5 21. b3 N4b6 22. Nxc5 dxc5 23. Nxf6+ Bxf6 24. Rxd7 Nxd7 25. Be4 Rf7 26. Rd1 c4 27. Bd5 Bxd5 28. Rxd5 cxb3 29. axb3 a6 30. Bxg5 Ncb6 31. Rf5 Rdf8 32. Kg2 Bxg5 33. Rxg5+ Rg7 34. Rh5 Rgf7 35. f3 Rg7 36. Qd3 Nf6 37. Rf5 h5 38. h4 Nbd7 39. Rg5 Rff7 40. Qd6 Ne8 41. Qxa6 Ndf6 42. Qxb5 Nd6 43. Qd5 Nfe8 44. b4 Kf8 45. b5 Rh7 46. b6 Ke7 47. Rxh5 Rhg7 48. Re5+ Kd7 49. b7 Kc7 50. Qe6 Kxb7 51. Rd5 Rd7 52. h5 Kc6 53. Rd3 Rge7 54. Qb3 Nc7 55. Qc2+ Kb7 56. Rb3+ Kc8 57. h6 Kd8 58. Qg6 Nc8 59. Qg8+ Ne8 60. Qg5 Ncd6 61. Re3 Kc7 62. Rxe7 Rxe7 63. Qxe7+ 1-0

[Event "Titled Tuesday intern op 26th Nov Late"]
[Site "Chess.com INT"]
[Date "2024.11.26"]
[Round "3"]
[White "Miljkovic, Miroslav D"]
[Black "Rustemov, Alexander"]
[Result "0-1"]
[WhiteElo "2422"]
[BlackElo "2525"]
[PlyCount "132"]
[EventDate "2024.11.26"]
[EventType "swiss (blitz)"]
[EventRounds "11"]
[EventCountry "USA"]
[SourceTitle "CB49_2024"]
[SourceDate "2024.12.04"]
[SourceVersion "1"]
[SourceVersionDate "2024.12.04"]
[SourceQuality "1"]

1. d4 d5 2. c4 dxc4 3. Nf3 Nf6 4. e3 e6 5. Bxc4 c5 6. 0-0 a6 7. dxc5 Bxc5 8. Qxd8+ Kxd8 9. b3 Ke7 10. Bb2 Rd8 11. Nbd2 Nbd7 12. Rfd1 b5 13. Be2 Bb7 14. Ng5 h6 15. Bf3 Bxf3 16. Ngxf3 Rac8 17. Rac1 Bb4 18. Kf1 g6 19. Ke2 Nd5 20. Nb1 N7b6 21. Ne5 Rxc1 22. Rxc1 Rc8 23. Nc6+ Kd7 24. Ne5+ Ke8 25. Rxc8+ Nxc8 26. g3 h5 27. e4 Nde7 28. h4 Na7 29. Nd3 Bd6 30. Nd2 Nac6 31. Nf3 Nc8 32. Nd4 Nxd4+ 33. Bxd4 Ne7 34. f4 Nc6 35. Bc3 f5 36. Kf3 Kd7 37. Ke3 Be7 38. Kf3 Kc7 39. Ke3 Kb6 40. Kf3 Bc5 41. Bf6 Bd6 42. Bc3 b4 43. Bb2 Kb5 44. Nf2 Bc5 45. Nd3 Bd6 46. Nf2 a5 47. Nd3 a4 48. Bf6 axb3 49. axb3 Na5 50. Nc1 Bc5 51. exf5 exf5 52. Bd8 Nc6 53. Bf6 Bd4 54. Bg5 Kc5 55. Nd3+ Kd5 56. Bh6 Bc3 57. Bf8 Kd4 58. Ke2 Ke4 59. Nf2+ Kd5 60. Kd3 Na5 61. Kc2 Kd4 62. Nd1 Be1 63. Bg7+ Ke4 64. Bf8 Nc6 65. Nb2 Bxg3 66. Nc4 Bxf4 0-1

[Event "SRB-chT Premier"]
[Site "Bajina Basta"]
[Date "2024.10.06"]
[Round "10.6"]
[White "Todorovic, Jovan"]
[Black "Miljkovic, Miroslav D"]
[Result "1/2-1/2"]
[WhiteElo "2332"]
[BlackElo "2420"]
[PlyCount "27"]
[EventDate "2024.09.27"]
[EventType "team-tourn"]
[EventRounds "11"]
[EventCountry "SRB"]
[SourceTitle "EXT 2025"]
[Source "ChessBase"]
[SourceDate "2024.10.14"]
[SourceVersion "1"]
[SourceVersionDate "2024.10.14"]
[SourceQuality "1"]
[WhiteTeam "Subotica Spartak"]
[BlackTeam "Ruma Sloven"]
[WhiteTeamCountry "SRB"]
[BlackTeamCountry "SRB"]

1. d4 d5 2. c4 c6 3. cxd5 cxd5 4. Nc3 Nf6 5. Nf3 Nc6 6. Bf4 Bf5 7. e3 e6 8. Bd3 Bxd3 9. Qxd3 Bd6 10. Bxd6 Qxd6 11. 0-0 0-0 12. h3 Rfc8 13. Rfc1 h6 14. Nb5 1/2-1/2

[Event "SRB-chT Premier"]
[Site "Bajina Basta"]
[Date "2024.10.04"]
[Round "8.6"]
[White "Pavlovic, Dejan S"]
[Black "Miljkovic, Miroslav D"]
[Result "0-1"]
[WhiteElo "2350"]
[BlackElo "2420"]
[PlyCount "176"]
[EventDate "2024.09.27"]
[EventType "team-tourn"]
[EventRounds "11"]
[EventCountry "SRB"]
[SourceTitle "EXT 2025"]
[Source "ChessBase"]
[SourceDate "2024.10.14"]
[SourceVersion "1"]
[SourceVersionDate "2024.10.14"]
[SourceQuality "1"]
[WhiteTeam "Pozega"]
[BlackTeam "Ruma Sloven"]
[WhiteTeamCountry "SRB"]
[BlackTeamCountry "SRB"]

1. d4 Nf6 2. Bg5 d5 3. Bxf6 gxf6 4. e3 c5 5. dxc5 Nc6 6. Nc3 e6 7. Qh5 Bd7 8. 0-0-0 Qa5 9. Bb5 a6 10. Ba4 Qxc5 11. Nf3 Be7 12. e4 dxe4 13. Qxc5 Bxc5 14. Nxe4 Be7 15. Nd6+ Bxd6 16. Rxd6 b5 17. Rhd1 Ra7 18. Bb3 Ke7 19. a3 Rc8 20. Kb1 Na5 21. Ba2 Bc6 22. Ne1 Be4 23. f3 Bg6 24. R1d2 b4 25. axb4 Nc6 26. Bb3 Nxb4 27. Rb6 a5 28. h4 h6 29. Rb5 Nc6 30. Rc5 a4 31. Bc4 a3 32. bxa3 Rxa3 33. Kb2 Re3 34. Nd3 Rb8+ 35. Rb5 Rxb5+ 36. Bxb5 Nd4 37. Ba4 Bxd3 38. cxd3 Nf5 39. d4 Nxh4 40. d5 exd5 41. Bc6 f5 42. Bxd5 f4 43. Bb7 Re6 44. Bc8 Rb6+ 45. Ka3 Rg6 46. Bh3 Rg3 47. Rf2 Kf6 48. Kb3 Rg8 49. Kc3 Ra8 50. Kd3 Ra3+ 51. Kd4 Kg5 52. Rb2 Ra1 53. Rb5+ f5 54. Kd3 Ra2 55. Rc5 h5 56. Rc8 Ra6 57. Ke2 Ng6 58. Rc5 Re6+ 59. Kf1 Re5 60. Rc8 Ne7 61. Re8 Nc6 62. Rg8+ Kh4 63. Rf8 Nd4 64. Kf2 Re2+ 65. Kf1 Re5 66. Kf2 Ra5 67. Kf1 Nc2 68. Rg8 Ne3+ 69. Kf2 Ra2+ 70. Kg1 Ng4 71. Kf1 Nh2+ 72. Kg1 Nxf3+ 73. gxf3 Kxh3 74. Rg5 h4 75. Rg8 Ra1+ 76. Kf2 Kh2 77. Rg2+ Kh1 78. Rg5 Ra2+ 79. Kf1 Kh2 80. Rg7 h3 81. Rg5 Rg2 82. Rxf5 Kg3 83. Rg5+ Kxf3 84. Rh5 Kg4 85. Rh8 f3 86. Rg8+ Kf4 87. Rf8+ Ke4 88. Re8+ Kd5 0-1

[Event "FRM-chT 32nd"]
[Site "Struga"]
[Date "2024.07.29"]
[Round "6.1"]
[White "Miljkovic, Miroslav D"]
[Black "Perunovic, Milos"]
[Result "1/2-1/2"]
[WhiteElo "2419"]
[BlackElo "2533"]
[PlyCount "49"]
[EventDate "2024.07.24"]
[EventType "team-tourn"]
[EventRounds "9"]
[EventCountry "MKD"]
[SourceTitle "EXT 2025"]
[Source "ChessBase"]
[SourceDate "2024.10.14"]
[SourceVersion "1"]
[SourceVersionDate "2024.10.14"]
[SourceQuality "1"]
[WhiteTeam "Prilep"]
[BlackTeam "Gostivar"]
[WhiteTeamCountry "MKD"]
[BlackTeamCountry "MKD"]

1. d4 Nf6 2. c4 e6 3. Nc3 Bb4 4. e3 0-0 5. Bd3 d5 6. a3 Bxc3+ 7. bxc3 dxc4 8. Bxc4 c5 9. Ne2 Qc7 10. Ba2 b6 11. 0-0 Ba6 12. Bb2 Nc6 13. Rc1 Rfd8 14. c4 cxd4 15. exd4 b5 16. d5 bxc4 17. Bxc4 Bxc4 18. Rxc4 exd5 19. Rc2 Qd6 20. Ng3 d4 21. Nf5 Qd7 22. Rc5 Rab8 23. Ba1 g6 24. Rxc6 Qxf5 25. Bxd4 1/2-1/2

[Event "FRM-chT 32nd"]
[Site "Struga"]
[Date "2024.07.28"]
[Round "5.1"]
[White "Indjic, Aleksandar"]
[Black "Miljkovic, Miroslav D"]
[Result "1/2-1/2"]
[WhiteElo "2610"]
[BlackElo "2419"]
[PlyCount "215"]
[EventDate "2024.07.24"]
[EventType "team-tourn"]
[EventRounds "9"]
[EventCountry "MKD"]
[SourceTitle "EXT 2025"]
[Source "ChessBase"]
[SourceDate "2024.10.14"]
[SourceVersion "1"]
[SourceVersionDate "2024.10.14"]
[SourceQuality "1"]
[WhiteTeam "Skopje Alkaloid"]
[BlackTeam "Prilep"]
[WhiteTeamCountry "MKD"]
[BlackTeamCountry "MKD"]

1. Nf3 Nf6 2. c4 e6 3. Nc3 d5 4. e3 a6 5. b3 c5 6. Bb2 Nc6 7. cxd5 exd5 8. Rc1 Bg4 9. Na4 Nd7 10. h3 Bh5 11. a3 b5 12. Nc3 Nde5 13. g4 Bg6 14. Nxe5 Nxe5 15. d4 cxd4 16. exd4 b4 17. dxe5 bxc3 18. Rxc3 Be4 19. f3 d4 20. Rc2 Bxc2 21. Qxc2 Rc8 22. Bc4 Bc5 23. Qd3 0-0 24. f4 Qe7 25. a4 Kh8 26. Bxa6 Rcd8 27. Bc4 f6 28. e6 f5 29. gxf5 Qh4+ 30. Kd1 Qh5+ 31. Kc2 Rxf5 32. Bc1 Bb4 33. Kb1 Rc5 34. Rf1 Rc7 35. f5 Be7 36. Bb2 Qh4 37. a5 Qf6 38. a6 Qe5 39. Bc1 Qa5 40. Rf2 Qb6 41. Ra2 Rdc8 42. Ra4 Bf6 43. Bd2 Qc6 44. Ra5 Qb6 45. Ra4 Qc6 46. Ra1 Qc5 47. Bf4 Ra7 48. Ra2 Qb6 49. Rc2 Qa5 50. Bd2 Qb6 51. Bc1 Qa5 52. Bb2 Qb6 53. Rd2 Rd8 54. h4 h6 55. Rg2 Qc6 56. Rg1 Qd6 57. Rg6 Qe5 58. Bc1 Rc8 59. Rg2 Qe1 60. Re2 Qg1 61. Rc2 Rac7 62. Ka2 Qe1 63. Ba3 Qa5 64. Kb2 Qb6 65. Kb1 Qc6 66. Re2 Qh1+ 67. Ka2 Qxh4 68. Bd6 Ra7 69. b4 Be7 70. Bg3 Qh1 71. b5 Rc5 72. Be1 Rac7 73. f6 gxf6 74. b6 Qc6 75. bxc7 Rxc4 76. Rh2 Qxa6+ 77. Kb2 Qb7+ 78. Qb3 Rxc7 79. Bd2 Bf8 80. Qxb7 Rxb7+ 81. Kc2 Kh7 82. Kd3 Rb5 83. Bf4 Kg6 84. Ke4 f5+ 85. Kd3 Rd5 86. Re2 Be7 87. Rh2 Bg5 88. Re2 Rd8 89. Bc7 Rc8 90. Be5 Rd8 91. Bc7 Rc8 92. Be5 f4 93. Bxd4 Re8 94. Re5 Bf6 95. Re4 Bg5 96. Re5 f3 97. Ke4 Bf6 98. Rd5 Bxd4 99. Rxd4 f2 100. Rd1 Rxe6+ 101. Kf3 Rf6+ 102. Kg2 h5 103. Rf1 h4 104. Rxf2 h3+ 105. Kg1 Rxf2 106. Kxf2 h2 107. Kg2 Kg5 108. Kxh2 1/2-1/2

[Event "BL2-Ost 2324"]
[Site "Germany"]
[Date "2023.10.22"]
[Round "2.8"]
[White "Apel, Linus"]
[Black "Miljkovic, Miroslav D"]
[Result "0-1"]
[WhiteElo "1503"]
[BlackElo "2430"]
[PlyCount "24"]
[EventDate "2023.10.21"]
[EventType "team-tourn"]
[EventRounds "10"]
[EventCountry "GER"]
[SourceTitle "EXT 2025"]
[Source "ChessBase"]
[SourceDate "2024.10.14"]
[SourceVersion "1"]
[SourceVersionDate "2024.10.14"]
[SourceQuality "1"]
[WhiteTeam "Erfurt"]
[BlackTeam "Deggendorf"]
[WhiteTeamCountry "GER"]
[BlackTeamCountry "GER"]

1. e4 c5 2. Nf3 Nc6 3. Bb5 g6 4. 0-0 Bg7 5. Re1 e5 6. c3 Nge7 7. d3 0-0 8. Nbd2 d6 9. Bc4 h6 10. Nf1 Kh7 11. Be3 f5 12. d4 fxe4 0-1